Miasta w województwie małopolskim - nagła śmierć - Statystyki

Ogólne statystyki
  • Ten quiz został rozwiązany 54 razy
  • Średni wynik to 5 z 15
Answers on the Grid
Answers color-coded by a green-red scale on the quiz's grid according to % correct below.
Białka Tatrzańska
Biały Dunajec
Bieruń
Bobowa
Brzesko
Chełmiec
Czarny Dunajec
Dąbrowa
Dębica
Jordanów
Koszyce
Książ
Lanckorona
Libiąż
Lipnica Murowana
Maków
Nowe Brzesko
Nowy Sącz
Nowy Targ
Oświęcim
Proszowice
Ryglice
Spytkowice
Stary Sącz
Stary Targ
Świątniki Dolne
Świątniki Górne
Szczucin
Tymbark
Wiślica
 
Statystyki odpowiedzi
Odpowiedź % Poprawnych
Nowy Targ
65%
Nowy Sącz
61%
Oświęcim
57%
Brzesko
52%
Stary Sącz
48%
Bobowa
30%
Czarny Dunajec
30%
Jordanów
30%
Libiąż
30%
Koszyce
22%
Nowe Brzesko
17%
Proszowice
17%
Ryglice
17%
Świątniki Górne
13%
Szczucin
13%
Nie znaleziono quizów pasujących do podanych kryteriów
Rozkład punktacji
Procent ludzi z każdym wynikiem
Percentyl według liczby udzielonych odpowiedzi
Twoja historia wyników
Nie rozwiązałeś tego quizu